Artist of Rollingstone top 500 songs - Statistics

General Stats
  • This quiz has been taken 320 times
  • The average score is 263 of 500
Answer Stats
Song Artist % Correct
Beat It | Billie Jean | Rock With You Michael Jackson
94%
Under Pressure Queen and David Bowie
94%
In Da Club 50 Cent
93%
A Day in the Life | Eleanor Rigby | Help! | +8 others The Beatles
93%
Dancing Queen ABBA
92%
Bennie and the Jets | Rocket Man | Tiny Dancer | Your Song Elton John
92%
Come as You Are | Smells Like Teen Spirit Nirvana
92%
Bohemian Rhapsody Queen
92%
(I Can’t Get No) Satisfaction | Gimme Shelter | Jumpin’ Jack Flash | +4 others The Rolling Stones
91%
Heartbreak Hotel | Jailhouse Rock | Suspicious Minds Elvis Presley
90%
Bad Romance Lady Gaga
90%
1999 | Adore | Kiss | Little Red Corvette Prince
90%
Purple Rain | When Doves Cry Prince and the Revolution
90%
Crazy in Love Beyoncé feat. Jay-Z
89%
Rhythm Nation Janet Jackson
89%
Into the Groove | Like a Prayer | Vogue Madonna
89%
Umbrella Rihanna feat. Jay-Z
89%
Every Breath You Take The Police
89%
Africa Toto
89%
I Wanna Dance With Somebody (Who Loves Me) | I Will Always Love You Whitney Houston
89%
(You Make Me Feel Like) A Natural Woman | Chain of Fools | I Say a Little Prayer | Respect Aretha Franklin
88%
Livin’ on a Prayer Bon Jovi
88%
Changes | Heroes | Life on Mars? | +2 others David Bowie
88%
Lose Yourself Eminem
88%
Stan Eminem feat. Dido
88%
Hotel California The Eagles
88%
Break My Soul | Formation | Single Ladies (Put a Ring On It) Beyoncé
87%
Savage (Remix) Megan Thee Stallion feat. Beyoncé
87%
Toxic | …Baby One More Time Britney Spears
86%
I Heard It Through the Grapevine | Let’s Get It On | Sexual Healing | What’s Going On Marvin Gaye
86%
I Still Haven’t Found What I’m Looking For | One | With or Without You U2
86%
Wouldn’t It Be Nice Beach Boys
85%
Atlantic City | Born to Run | Jungleland | +2 others Bruce Springsteen
85%
Imagine John Lennon
85%
Kashmir | Stairway to Heaven | Whole Lotta Love Led Zeppelin
85%
Comfortably Numb | Wish You Were Here Pink Floyd
85%
God Only Knows | Good Vibrations The Beach Boys
85%
You Shook Me All Night Long AC/DC
84%
Rolling in the Deep Adele
84%
Blowin’ in the Wind | Desolation Row | Like a Rolling Stone | +4 others Bob Dylan
84%
Coat of Many Colors | Jolene Dolly Parton
84%
Uptown Funk Mark Ronson feat. Bruno Mars
84%
Could You Be Loved | No Woman No Cry | Redemption Song Bob Marley and the Wailers
83%
Sweet Child O’ Mine Guns N’ Roses
83%
Wonderwall Oasis
83%
Creep | Idioteque | Karma Police Radiohead
83%
Stayin’ Alive Bee Gees
82%
Dreams | Go Your Own Way | Landslide Fleetwood Mac
82%
Enter Sandman | Master of Puppets Metallica
82%
Higher Ground | Signed, Sealed, Delivered I’m Yours | Superstition | You Are the Sunshine of My Life Stevie Wonder
80%
You’re So Vain Carly Simon
79%
Get Lucky Daft Punk feat. Pharrell Williams
79%
Don’t Stop Believin’ Journey
79%
B.O.B. | Hey Ya! | Ms. Jackson Outkast
79%
Int’l Players Anthem (I Choose You) UGK feat. Outkast
79%
Let’s Stay Together | Love and Happiness Al Green
78%
I Walk the LIne | Ring of Fire Johnny Cash
78%
American Tune Paul Simon
78%
All Too Well | Blank Space | Cruel Summer Taylor Swift
78%
Running Up That Hill Kate Bush
77%
In the Air Tonight Phil Collins
77%
Losing My Religion | Nightswimming | Radio Free Europe R.E.M.
77%
All Along the Watchtower | Little Wing | Purple Haze The Jimi Hendrix Experience
76%
Baba O’Riley | My Generation | Won’t Get Fooled Again The Who
76%
Under the Bridge Red Hot Chili Peppers
75%
Everybody Wants to Rule the World Tears for Fears
75%
Dream On Aerosmith
74%
Heart of Glass Blondie
74%
Mr. Brightside The Killers
74%
Hotline Bling Drake
73%
Hold On, We’re Going Home Drake feat. Majid Jordan
73%
99 Problems Jay-Z
73%
Pink Moon Nick Drake
73%
Bridge Over Troubled Water | The Sounds of Silence Simon and Garfunkel
73%
Don’t Leave Me This Way Thelma Houston
73%
The House of the Rising Sun The Animals
72%
Time After Time Cyndi Lauper
71%
Hungry Like the Wolf Duran Duran
71%
What a Wonderful World Louis Armstrong
71%
Anarchy in the U.K. | God Save the Queen Sex Pistols
71%
Light My Fire The Doors
71%
Seven Nation Army The White Stripes
71%
Jump Van Halen
71%
California Love 2Pac
70%
I Want It That Way Backstreet Boys
70%
Back to Black Amy Winehouse
69%
River Deep, Mountain High Ike and Tina Turner
69%
Ponta de Lança Africano (Umbabarauma) Jorge Ben
69%
What’s Love Got to Do With It Tina Turner
69%
Believe Cher
68%
I Will Survive Gloria Gaynor
68%
(White Man) in Hammersmith Palais | London Calling The Clash
68%
Iron Man | Paranoid Black Sabbath
67%
Fortunate Son | Proud Mary Creedence Clearwater Revival
67%
September Earth, Wind, and Fire
67%
Basket Case Green Day
67%
Stronger Kanye West
67%
Runaway Kanye West feat. Pusha T
67%
Rock and Roll All Nite Kiss
67%
Because the Night | Gloria Patti Smith
67%
Call Me Maybe Carly Rae Jepsen
66%
Get Up (I Feel Like Being A) Sex Machine | Papa’s Got a Brand New Bag | Say It Loud (I’m Black and I’m Proud) James Brown
66%
Old Town Road Lil Nas X
66%
Nothing Compares 2 U Sinéad O’Connor
66%
Stand by Me Ben E. King
65%
Scenes From an Italian Restaurant Billy Joel
65%
Johnny B. Goode | Maybelline | Promised Land Chuck Berry
65%
Nuthin’ but a ‘G’ Thang Dr. Dre feat. Snoop Doggy Dogg
65%
I’m a Believer The Monkees
65%
Sweet Dreams (Are Made of This) Eurythmics
64%
Lola | Waterloo Sunset | You Really Got Me The Kinks
64%
No Scrubs | Waterfalls TLC
64%
Fast Car Tracy Chapman
64%
Freedom! ‘90 George Michael
63%
Great Balls of Fire Jerry Lee Lewis
63%
West End Girls Pet Shop Boys
63%
Free Bird Lynyrd Skynyrd
62%
School’s Out Alice Cooper
61%
Fix You Coldplay
61%
As It Was Harry Styles
61%
Royals Lorde
61%
Thank U, Next Ariana Grande
60%
Bad Guy Billie Eilish
60%
I’m Coming Out Diana Ross
60%
Good Golly, Miss Molly | Tutti-Frutti Little Richard
60%
Juicy Notorious B.I.G.
60%
(Sittin’ On) the Dock of the Bay | Try a Little Tenderness Otis Redding
60%
Maggie May Rod Stewart
60%
Big Poppa The Notorious B.I.G.
60%
It’s Too Late Carole King
59%
F*** tha Police | Straight Outta Compton N.W.A
59%
Free Fallin’ Tom Petty
59%
American Girl Tom Petty and the Heartbreakers
59%
No Diggity Blackstreet feat. Dr. Dre and Queen Pen
58%
At Last Etta James
58%
Blitzkrieg Bop | Sheena Is a Punk Rocker Ramones
58%
Super Freak Rick James
58%
Since U Been Gone Kelly Clarkson
57%
Hallelujah | Suzanne Leonard Cohen
57%
After the Gold Rush | Heart of Gold | Powderfinger Neil Young
57%
More Than a Feeling Boston
56%
Everlong Foo Fighters
55%
I Want You Back The Jackson 5
55%
California Dreamin’ The Mamas and the Papas
55%
How Soon Is Now? | There Is a Light That Never Goes Out The Smiths
55%
You Oughta Know Alanis Morissette
54%
Peggy Sue | That’ll Be the Day Buddy Holly
54%
Say My Name Destiny’s Child
54%
Killing Me Softly With His Song Fugees
54%
Edge of Seventeen Stevie Nicks
54%
Buddy Holly Weezer
54%
Ain’t No Sunshine | Lean on Me Bill Withers
53%
Georgia on My Mind | What’d I Say Ray Charles
53%
Black Hole Sun Soundgarden
53%
Loser Beck
52%
(Don’t Fear) The Reaper Blue Öyster Cult
52%
Paper Planes M.I.A.
52%
Stop! In the Name of Love | You Keep Me Hangin’ On The Supremes
52%
My Girl | Papa Was a Rollin’ Stone The Temptations
52%
Yeah! Usher feat. Lil Jon and Ludacris
52%
Layla Derek and the Dominos
51%
Fire and Rain James Taylor
51%
Ace of Spades Motörhead
51%
Driver’s License Olivia Rodrigo
51%
Enjoy the Silence Depeche Mode
50%
Fantasy Mariah Carey
50%
Doo Wop (That Thing) Lauryn Hill
49%
Oye Como Va Santana
49%
Boys of Summer Don Henley
48%
I Feel Love Donna Summer
48%
Son of a Preacher Man Dusty Springfield
48%
Walk on the Wild Side Lou Reed
48%
Alive Pearl Jam
48%
Rock Lobster The B-52’s
48%
Sabotage Beastie Boys
47%
I’m So Lonesome I Could Cry | Your Cheatin’ Heart Hank Williams
47%
Super Bass Nicki Minaj
47%
Just Like Heaven The Cure
47%
Be My Baby The Ronettes
47%
Love Will Tear Us Apart Joy Division
46%
Move Your Body (The House Music Anthem) Marshall Jefferson
46%
Get Ur Freak On | The Rain (Supa Dupa Fly) | Work It Missy Elliott
46%
Bizarre Love Triangle | Blue Monday New Order
46%
Solsbury Hill Peter Gabriel
46%
Killing in the Name Rage Against the Machine
46%
Crazy Gnarls Barkley
45%
Lust for Life Iggy Pop
45%
Passionate Kisses Lucinda Williams
45%
Bo Diddley Bo Diddley
43%
Never Tear Us Apart INXS
43%
Killing Me Softly With His Song Roberta Flack
43%
A Change Is Gonna Come Sam Cooke
43%
The Boys Are Back in Town Thin Lizzy
43%
White Rabbit Jefferson Airplane
42%
The Tears of a Clown | The Tracks of My Tears Smokey Robinson and the Miracles
42%
Once in a Lifetime | This Must Be the Place (Naive Melody) Talking Heads
42%
Eight Miles High | Mr. Tambourine Man The Byrds
42%
Unchained Melody The Righteous Brothers
42%
I Like It Cardi B, J Balvin, and Bad Bunny
41%
Good Times Chic
41%
Brass in Pocket Pretenders
41%
Gloria Them
41%
I’m Waiting for the Man | Sweet Jane The Velvet Underground
41%
Blueberry Hill Fats Domino
40%
Where Is My Mind? The Pixies
40%
Bad Reputation Joan Jett
39%
Rapper’s Delight Sugar Hill Gang
39%
The Weight The Band
39%
Flava in Ya Ear (Remix) Craig Mack feat. Notorious B.I.G., LL Cool J, Busta Rhymes, Rampage
38%
Just What I Needed The Cars
38%
Into the Mystic Van Morrison
38%
A Case of You | Both Sides Now | Help Me | River Joni Mitchell
37%
I Can’t Help Myself (Sugar Pie, Honey Bunch) | Reach Out (I’ll Be There) The Four Tops
37%
If I Ain’t Got You Alicia Keys
36%
Truth Hurts Lizzo
36%
Crying Roy Orbison
36%
Sugar, We’re Goin Down Fall Out Boy
35%
Midnight Train to Georgia Gladys Knight and the Pips
35%
It Was a Good Day Ice Cube
35%
Back That Azz Up Juvenile feat. Lil Wayne and Mannie Fresh
35%
Bring the Noise | Fight the Power Public Enemy
35%
Common People Pulp
35%
Everyday People | Family Affair Sly and the Family Stone
35%
He Stopped Loving Her Today George Jones
34%
A Milli Lil Wayne
34%
Kill Bill SZA
34%
What a Fool Believes The Doobie Brothers
34%
Redbone Childish Gambino
33%
Walk on By Dionne Warwick
33%
Alison Elvis Costello
33%
She’s Gone Hall and Oates
33%
Alright Kendrick Lamar
33%
Night Moves Bob Seger
32%
Bad and Boujee Migos feat. Lil Uzi Vert
32%
Closer Nine Inch Nails
32%
Crazy Patsy Cline
32%
A Whiter Shade of Pale Procol Harum
32%
Our Lips Are Sealed The Go-Gos
32%
Grace Jeff Buckley
31%
Ain’t Nobody Rufus and Chaka Khan
31%
Strange Fruit Billie Holiday
30%
Dynamite | Spring Day BTS
30%
All I Have to Do Is Dream Everly Brothers
30%
A&W Lana Del Rey
30%
Real Love Mary J. Blige
30%
Limelight Rush
30%
Time of the Season The Zombies
30%
Dancing on My Own Robyn
29%
Sucker MC’s Run-DMC
29%
Last Nite The Strokes
29%
House of Balloons The Weeknd
29%
This Land Is Your Land Woody Guthrie
29%
Whipping Post Allman Brothers Band
28%
Gasolina Daddy Yankee
28%
Fade Into You Mazzy Star
28%
Mississippi Goddam Nina Simone
28%
I Wanna Be Your Dog The Stooges
28%
C.R.E.A.M. Wu-Tang Clan
28%
Father and Son Cat Stevens/Yusuf
27%
Suite: Judy Blue Eyes Crosby, Stills, and Nash
27%
Wichita Lineman Glen Campbell
27%
No Ordinary Love Sade
27%
Blue Eyes Crying in the Rain Willie Nelson
27%
Safaera | Titi Me Pregunto Bad Bunny
26%
Thinkin Bout You Frank Ocean
26%
Buffalo Stance Neneh Cherry
26%
Stand by Your Man Tammy Wynette
26%
Louie Louie The Kingsmen
26%
Will You Love Me Tomorrow The Shirelles
26%
Cross Road Blues Robert Johnson
25%
Surrender Cheap Trick
24%
Move On Up | Pusherman Curtis Mayfield
24%
The Message Grandmaster Flash and the Furious Five
24%
All the Young Dudes Mott the Hoople
24%
Summertime Blues Eddie Cochran
23%
Coal Miner’s Daughter Loretta Lynn
23%
Dancing in the Street Martha and the Vandellas
23%
So What Miles Davis
23%
Mannish Boy Muddy Waters
23%
Criminal | Paper Bag Fiona Apple
22%
Box of Rain | Ripple The Grateful Dead
22%
Ooh La La Faces
21%
Virginia Plain Roxy Music
21%
Leader of the Pack The Shangri-Las
21%
Green Onions Booker T. and the MGs
20%
Ever Fallen in Love (With Someone You Shouldn’t’ve) Buzzcocks
20%
Doll Parts Hole
20%
Teenage Riot Sonic Youth
20%
Deacon Blues Steely Dan
20%
Marquee Moon Television
20%
Shout (Parts 1 and 2) The Isley Brothers
20%
Can I Kick It? A Tribe Called Quest
18%
Goodbye Earl Dixie Chicks
18%
Flash Light Parliament
18%
Up on the Roof The Drifters
18%
Maps Yeah Yeah Yeahs
18%
I Can’t Make You Love Me Bonnie Raitt
17%
La Vida Es un Carnaval Celia Cruz
17%
Groove Is in the Heart Deee-Lite
17%
Heat Wave Martha Reeves and the Vandellas
17%
Cosmic Dancer T. Rex
17%
In the Midnight Hour Wilson Pickett
17%
212 Azealia Banks
16%
One Nation Under a Groove Funkadelic
16%
Without You Harry Nilsson
16%
Trans-Europe Express Kraftwerk
16%
Get Up, Stand Up The Wailers
16%
Just a Friend Biz Markie
15%
Cannonball The Breeders
15%
Please Mr. Postman The Marvelettes
15%
Amor Prohibido Selena
14%
Boom Boom John Lee Hooker
13%
Never Too Much Luther Vandross
13%
I Put a Spell on You Screamin’ Jay Hawkins
13%
Party Up (Up in Here) DMX
12%
Paid In Full Eric B. and Rakim
12%
Are You That Somebody? Aaliyah
11%
Hound Dog Big Mama Thornton
11%
The Harder They Come Jimmy Cliff
11%
Mama Tried Merle Haggard
11%
Shook Ones, Pt. II Mobb Deep
11%
Personality Crisis New York Dolls
11%
Da Doo Ron Ron The Crystals
11%
People Get Ready The Impressions
11%
Ode to Billie Joe Bobbie Gentry
10%
The Revolution Will Not Be Televised Gil-Scott Heron
10%
Spoonful Howlin’ Wolf
10%
Sunday Mornin’ Comin’ Down Kris Kristofferson
10%
Sail Away Randy Newman
10%
I’ll Take You There The Staple Singers
10%
Rebel Girl Bikini Kill
9%
The House That Built Me Miranda Lambert
9%
In the Still of the Night The Five Satins
9%
Pressure Drop Toots and the Maytals
9%
The Humpty Dance Digital Underground
8%
Springsteen Eric Church
8%
Divorce Song Liz Phair
8%
Summer Babe (Winter Version) Pavement
8%
Rid of Me PJ Harvey
8%
Cranes in the Sky Solange
8%
You Make Me Feel (Mighty Real) Sylvester
8%
I Only Have Eyes for You The Flamingos
8%
Roadrunner The Modern Lovers
8%
Planet Rock Afrika Bambaataa and the Soulsonic Force
7%
September Gurls Big Star
7%
Tyrone Erykah Badu
7%
Walk on By Isaac Hayes
7%
Angel From Montgomery John Prine
7%
All My Friends LCD Soundsystem
7%
They Reminisce Over You Pete Rock and CL Smooth
7%
Cissy Strut The Meters
7%
Left of the Dial The Replacements
7%
Pancho and Lefty Townes Van Zandt
7%
Heavy Metal Drummer Wilco
6%
Oh Bondage! Up Yours! X-Ray Spex
6%
Untitled (How Does It Feel) D’Angelo
5%
Pt. 1-Acknowledgement John Coltrane
5%
Bam Bam Sister Nancy
5%
I Can’t Stand the Rain Ann Peebles
4%
It Takes Two Rob Base and DJ E-Z Rock
4%
Typical Girls The Slits
4%
King Tubby Meets the Rockers Uptown Augustus Pablo
3%
Grindin’ Clipse
3%
Ella Baila Sola Eslabon Armado and Peso Pluma
3%
Merry Go ‘Round Kacey Musgraves
3%
Ku Klux Klan Steel Pulse
3%
Radiation Vibe Fountains of Wayne
2%
Portions for Foxes Rilo Kiley
2%
Be Thankful for What You Got William DeVaughn
2%
That’s the Joint The Funky 4 + 1
1%
Essence Wizkid feat. Tems
1%
Mind Playing Tricks on Me Gets Boys
0%
No matching quizzes found
Score Distribution
Percent of People with Each Score
Percentile by Number Answered
Your Score History
You have not taken this quiz